000 00322 a2200133 4500
001 56633
082 _a670.42 KAL
090 _c34852
_d34852
100 _aKalpakjian Serope
245 _aManufacturing engineering and technology, 5th Ed
250 _a5
260 _aNJ
_bPearson
_c2006
300 _axxiv, 1295 p.
_bHb
942 _aNUST-CAE
_k670.42 KAL
999 _c291706
_d291706